Analýza cyklickosti lineárnych samoopravných kódov

Enregistré dans:
Détails bibliographiques
Auteur principal: Chudý, Stanislav (Auteur)
Format: Manuscrit Livre
Publié: STU v Bratislave FEI, 1992
Tags: Ajouter un tag
Pas de tags, Soyez le premier à ajouter un tag!

MARC

LEADER 00000ntm a22000003a 4500
001 stu287849
005 20150617230257.2
008 140402s1992----------------------------d
040 |a STU  |b slo 
041 0
100 1 |a Chudý, Stanislav  |4 aut  |u E  |T FEI Fakulta elektrotechniky a informatiky  |U E  |Y 30 
245 1 |a Analýza cyklickosti lineárnych samoopravných kódov 
260 |b STU v Bratislave FEI,  |c 1992 
300 |a 45 s  |c prílohy